[Event "TUR-chT 1st League"]
[Site "Konya"]
[Date "2019.07.24"]
[Round "4.2"]
[White "Koksal, Ege"]
[Black "Sumer, Gun"]
[Result "1/2-1/2"]
[WhiteElo "2368"]
[BlackElo "1957"]
[PlyCount "63"]
[EventDate "2019.07.22"]
[EventType "team-swiss"]
[EventRounds "9"]
[EventCountry "TUR"]
[SourceTitle "CBM 191 Extra"]
[Source "ChessBase"]
[SourceDate "2019.09.30"]
[SourceVersion "1"]
[SourceVersionDate "2019.09.30"]
[SourceQuality "1"]
[WhiteTeam "Bayegan Pendik"]
[BlackTeam "Varyant Genclik"]
[WhiteTeamCountry "TUR"]
[BlackTeamCountry "TUR"]

1. c4 e6 2. Nc3 d5 3. d4 c6 4. e3 Nf6 5. Nf3 Be7 6. Bd3 dxc4 7. Bxc4 0-0 8. 0-0 Nbd7 9. e4 b5 10. Bd3 b4 11. Na4 Nb6 12. Nxb6 Qxb6 13. Bg5 Ba6 14. Rc1 Rfd8 15. Bxa6 Qxa6 16. Qb3 h6 17. Bxf6 Bxf6 18. Rc4 Rab8 19. Rxb4 Rxb4 20. Qxb4 Qxa2 21. e5 a5 22. Qb7 Bg5 23. b3 Qa3 24. Rb1 Qa2 25. Rf1 Qa3 26. Rb1 Qa2 27. Rf1 Qa3 28. Rb1 Qa2 29. Rf1 Qa3 30. Rb1 Qa2 31. Rf1 Qa3 32. Rb1 1/2-1/2

[Event "Ankara Baskent Univ op 4th"]
[Site "Ankara"]
[Date "2019.06.18"]
[Round "2"]
[White "Arat, Ufuk Sezen"]
[Black "Sumer, Gun"]
[Result "1-0"]
[WhiteElo "2368"]
[BlackElo "1969"]
[PlyCount "57"]
[EventDate "2019.06.17"]
[EventType "swiss"]
[EventRounds "9"]
[EventCountry "TUR"]
[SourceTitle "CBM 191 Extra"]
[Source "ChessBase"]
[SourceDate "2019.09.30"]
[SourceVersion "1"]
[SourceVersionDate "2019.09.30"]
[SourceQuality "1"]

1. c4 e6 2. Nf3 Nf6 3. g3 d5 4. Bg2 Be7 5. 0-0 0-0 6. b3 d4 7. e3 c5 8. exd4 cxd4 9. Ba3 Nc6 10. Re1 Nd7 11. d3 a5 12. Bxe7 Qxe7 13. Nbd2 f6 14. Nh4 Nc5 15. Ne4 g5 16. Nxc5 Qxc5 17. Nf3 a4 18. a3 axb3 19. Qxb3 Kh8 20. Nd2 e5 21. a4 Ra6 22. Reb1 Qe7 23. Qa3 Qg7 24. Ne4 f5 25. Nd6 Ra7 26. Qc5 Ra5 27. Rb5 Rxb5 28. axb5 Ne7 29. Ra8 1-0

[Event "TUR-chT"]
[Site "Kocaeli"]
[Date "2017.08.03"]
[Round "9.5"]
[White "Sumer, Gun"]
[Black "Secer, Ata"]
[Result "0-1"]
[WhiteElo "1965"]
[BlackElo "2301"]
[PlyCount "72"]
[EventDate "2017.07.26"]
[EventType "team-tourn"]
[EventRounds "13"]
[EventCountry "TUR"]
[SourceTitle "CBM 179 Extra"]
[Source "ChessBase"]
[SourceDate "2017.08.23"]
[SourceVersion "1"]
[SourceVersionDate "2017.08.23"]
[SourceQuality "1"]
[WhiteTeam "Varyant Yontem"]
[BlackTeam "Deniz su Aquamatch"]
[WhiteTeamCountry "TUR"]
[BlackTeamCountry "TUR"]

1. e4 c5 2. Nf3 e6 3. d4 cxd4 4. Nxd4 Nc6 5. Nc3 Qc7 6. Ndb5 Qb8 7. Be3 a6 8. Bb6 axb5 9. Nxb5 Bb4+ 10. c3 Ba5 11. Nc7+ Qxc7 12. Bxc7 Bxc7 13. Be2 Nf6 14. Qc2 0-0 15. 0-0 d5 16. exd5 exd5 17. a3 Be6 18. Bd3 g6 19. f4 Ng4 20. f5 Ne3 21. Qb3 Na5 22. Qb5 Nxf5 23. Bxf5 Bxf5 24. Rxf5 gxf5 25. Qxd5 Nc6 26. Qxf5 Ne5 27. h4 f6 28. Qe6+ Kh8 29. Rf1 Rae8 30. Qb3 b6 31. Qb5 Ng4 32. Qd7 Bh2+ 33. Kh1 Re4 34. g3 Rfe8 35. Rf4 Re1+ 36. Kg2 Rg1+ 0-1

[Event "TUR-chT2"]
[Site "Konya"]
[Date "2016.07.19"]
[Round "5.2"]
[White "Ersoz, Bartu"]
[Black "Sumer, Gun"]
[Result "0-1"]
[WhiteElo "1860"]
[BlackElo "1962"]
[PlyCount "98"]
[EventDate "2016.07.17"]
[EventType "team-swiss"]
[EventRounds "9"]
[EventCountry "TUR"]
[SourceTitle "CBM 173 Extra"]
[Source "ChessBase"]
[SourceDate "2016.08.29"]
[SourceVersion "1"]
[SourceVersionDate "2016.08.29"]
[SourceQuality "1"]
[WhiteTeam "Izmir Rota Koleji"]
[BlackTeam "Sivas Varyant"]
[WhiteTeamCountry "TUR"]
[BlackTeamCountry "TUR"]

1. e4 c5 2. Nf3 d6 3. d4 cxd4 4. Qxd4 Nc6 5. Bb5 Bd7 6. Bxc6 Bxc6 7. Nc3 h6 8. Be3 e5 9. Qd3 Nf6 10. h3 Be7 11. 0-0-0 a6 12. g4 Nd7 13. Rhg1 Qa5 14. Nd2 b5 15. Nb3 Qc7 16. g5 b4 17. Nd5 Bxd5 18. Qxd5 Rc8 19. Na1 hxg5 20. Bxg5 Qc4 21. Bxe7 Qxd5 22. Rxd5 Kxe7 23. Rd3 Nc5 24. Re3 Ne6 25. Nb3 g6 26. Rd1 Nf4 27. Rh1 Rc7 28. Kd2 Rhc8 29. Rc1 Rh8 30. Rh1 Ke6 31. Rf3 g5 32. Rg3 f6 33. f3 Rch7 34. Na5 Kd7 35. Nc4 Nxh3 36. Ke3 Nf4 37. Rd1 Rh2 38. Rxd6+ Kc7 39. Rd2 Rxd2 40. Kxd2 Rh2+ 41. Kd1 Ne2 42. Rh3 Rxh3 43. Kxe2 Kc6 44. Ne3 Kc5 45. a3 bxa3 46. bxa3 Rh2+ 47. Kd1 Rf2 48. c3 Rxf3 49. Ke2 Rxe3+ 0-1

[Event "Manavgat Turkey Cup"]
[Site "Manavgat"]
[Date "2016.02.04"]
[Round "8"]
[White "Burcu, Cagatay"]
[Black "Sumer, Gun"]
[Result "1-0"]
[WhiteElo "2193"]
[BlackElo "1969"]
[PlyCount "143"]
[EventDate "2016.01.30"]
[EventType "swiss"]
[EventRounds "11"]
[EventCountry "TUR"]
[SourceTitle "CBM 170 Extra"]
[Source "ChessBase"]
[SourceDate "2016.02.25"]
[SourceVersion "1"]
[SourceVersionDate "2016.02.25"]
[SourceQuality "1"]

1. d4 Nf6 2. Nf3 e6 3. c4 b6 4. g3 Ba6 5. Qa4 Bb7 6. Bg2 c5 7. dxc5 Bxc5 8. 0-0 0-0 9. Nc3 Be7 10. Rd1 Na6 11. Bf4 Nc5 12. Qc2 Qc8 13. Rac1 Nce4 14. Nxe4 Bxe4 15. Qb3 Qb7 16. Ne1 Bxg2 17. Nxg2 Rac8 18. g4 d5 19. Qf3 h6 20. h4 Qa8 21. g5 hxg5 22. hxg5 Ne4 23. cxd5 exd5 24. Qg4 Rxc1 25. Rxc1 Bc5 26. e3 Qe8 27. a3 a5 28. Nh4 Qe6 29. Qxe6 fxe6 30. Ng6 Rf5 31. Rxc5 Nxc5 32. Ne7+ Kf7 33. Nxf5 exf5 34. Bc7 Na4 35. Be5 g6 36. Bd4 Ke6 37. b4 axb4 38. axb4 Kd6 39. Kg2 Ke6 40. Kf3 Kd6 41. Ba1 b5 42. Bd4 Ke6 43. Ke2 Kd6 44. Kd3 Kc6 45. f3 Kd6 46. Ba7 Nb2+ 47. Kd4 Nd1 48. Bb8+ Ke6 49. Bg3 Nb2 50. Kc5 Nc4 51. Bf4 Nd2 52. Kxb5 Nxf3 53. Kc5 Ne1 54. b5 Nd3+ 55. Kd4 Nb4 56. Kc5 Nd3+ 57. Kd4 Nb4 58. b6 Nc6+ 59. Kc5 Nd8 60. Bc7 Nb7+ 61. Kc6 Na5+ 62. Kb5 Nb7 63. Ka6 Nc5+ 64. Ka7 Nd7 65. Bf4 d4 66. exd4 Kd5 67. Be3 Ke4 68. Bg1 f4 69. b7 Kf5 70. b8Q Nxb8 71. Kxb8 Kxg5 72. d5 1-0

[Event "Manavgat Turkey Cup"]
[Site "Manavgat"]
[Date "2016.01.31"]
[Round "3"]
[White "Sumer, Gun"]
[Black "Soysal, Serkan"]
[Result "1/2-1/2"]
[WhiteElo "1969"]
[BlackElo "2349"]
[PlyCount "71"]
[EventDate "2016.01.30"]
[EventType "swiss"]
[EventRounds "11"]
[EventCountry "TUR"]
[SourceTitle "CBM 170 Extra"]
[Source "ChessBase"]
[SourceDate "2016.02.25"]
[SourceVersion "1"]
[SourceVersionDate "2016.02.25"]
[SourceQuality "1"]

1. e4 d6 2. d4 Nf6 3. Nc3 e5 4. dxe5 dxe5 5. Qxd8+ Kxd8 6. Bc4 Be6 7. Bxe6 fxe6 8. Be3 Bd6 9. f3 a6 10. Nge2 Ke7 11. 0-0 Nbd7 12. Rfd1 Rhg8 13. Rd2 Rad8 14. Rad1 b5 15. Nc1 Nb6 16. Bxb6 cxb6 17. Nd3 g5 18. g4 h5 19. h3 Rc8 20. Kg2 Rgd8 21. Ne2 h4 22. c3 Rd7 23. Nec1 a5 24. Kf1 Rcd8 25. Ke2 Ne8 26. Ne1 Nc7 27. Nc2 Na6 28. Nd3 Nb8 29. Nc1 Nc6 30. a3 a4 31. Na2 Na5 32. Nab4 Rc8 33. Ne3 Nb3 34. Rd3 Nc5 35. R3d2 Nb3 36. Rd3 1/2-1/2

[Event "Manavgat Turkey Cup"]
[Site "Manavgat"]
[Date "2015.01.31"]
[Round "1"]
[White "Silivri, Volkan Resat"]
[Black "Sumer, Gun"]
[Result "0-1"]
[WhiteElo "1662"]
[BlackElo "1998"]
[PlyCount "68"]
[EventDate "2015.01.31"]
[EventType "swiss"]
[EventRounds "11"]
[EventCountry "TUR"]
[SourceTitle "CBM 164 Extra"]
[Source "ChessBase"]
[SourceDate "2015.03.02"]
[SourceVersion "1"]
[SourceVersionDate "2015.03.02"]
[SourceQuality "1"]

1. e4 c5 2. Nf3 d6 3. d4 cxd4 4. Qxd4 Nc6 5. Bb5 Bd7 6. Bxc6 Bxc6 7. Nc3 h6 8. 0-0 e5 9. Qd3 Nf6 10. b3 Be7 11. Re1 0-0 12. Bb2 Qd7 13. Nh4 Rfd8 14. Nf5 Bf8 15. Rad1 b5 16. Ne3 Qb7 17. Ncd5 Nxd5 18. Nxd5 Rac8 19. c3 Bxd5 20. Qxd5 Qa6 21. a3 Be7 22. Qd3 Qc6 23. Qe3 a5 24. Rd5 a4 25. b4 Qb7 26. Red1 Rc4 27. f4 Re8 28. fxe5 Bg5 29. Qf3 Rxe5 30. R1d4 Rxd4 31. Rxe5 Rd1+ 32. Qxd1 dxe5 33. Qd5 Qb6+ 34. Qc5 Be3+ 0-1

[Event "Wch U20 52nd"]
[Site "Kocaeli"]
[Date "2013.09.22"]
[Round "9"]
[White "Ali Marandi, Cemil Can"]
[Black "Sumer, Gun"]
[Result "1-0"]
[WhiteElo "2403"]
[BlackElo "1928"]
[PlyCount "65"]
[EventDate "2013.09.13"]
[EventType "swiss"]
[EventRounds "13"]
[EventCountry "TUR"]
[SourceTitle "CBM 156 Extra"]
[Source "ChessBase"]
[SourceDate "2013.10.22"]
[SourceVersion "1"]
[SourceVersionDate "2013.10.22"]
[SourceQuality "1"]

1. e4 c5 2. c3 Nf6 3. e5 Nd5 4. Nf3 e6 5. d4 cxd4 6. cxd4 d6 7. Bc4 Be7 8. 0-0 b6 9. Bd2 Bb7 10. a3 0-0 11. Re1 Nd7 12. Nc3 Nxc3 13. Bxc3 Rc8 14. Nd2 dxe5 15. dxe5 Bg5 16. Bf1 Nc5 17. Nc4 Bd5 18. Nd6 Rc7 19. Qg4 Be7 20. Rad1 f5 21. Qh3 Qa8 22. Bd2 Bxd6 23. exd6 Rd7 24. Bf4 Rf6 25. Rc1 Rg6 26. b4 Nb3 27. Rcd1 Rg4 28. Be5 Qc6 29. Re3 Qa4 30. Rxd5 exd5 31. Rxb3 g6 32. Rc3 h5 33. Qd3 1-0

[Event "Wch U20 52nd"]
[Site "Kocaeli"]
[Date "2013.09.18"]
[Round "6"]
[White "Sumer, Gun"]
[Black "Atay, Sergen"]
[Result "1-0"]
[WhiteElo "1928"]
[BlackElo "1713"]
[PlyCount "115"]
[EventDate "2013.09.13"]
[EventType "swiss"]
[EventRounds "13"]
[EventCountry "TUR"]
[SourceTitle "CBM 156 Extra"]
[Source "ChessBase"]
[SourceDate "2013.10.22"]
[SourceVersion "1"]
[SourceVersionDate "2013.10.22"]
[SourceQuality "1"]

1. e4 e5 2. Nf3 Nc6 3. Bc4 Bc5 4. c3 Nf6 5. d3 d6 6. h3 a6 7. Bb3 h6 8. Nbd2 Ba7 9. Nf1 0-0 10. g4 Nh7 11. Ng3 Be6 12. Nf5 d5 13. Qe2 dxe4 14. dxe4 Bxb3 15. axb3 Qf6 16. g5 hxg5 17. Rg1 Ne7 18. Rxg5 Nxf5 19. Rxf5 Qg6 20. Nxe5 Qg1+ 21. Qf1 Qxf1+ 22. Kxf1 Rfe8 23. Nxf7 Rf8 24. Ng5 Rxf5 25. exf5 Rf8 26. Nxh7 Kxh7 27. Ra5 c5 28. Be3 Rxf5 29. b4 Bb6 30. Ra4 Kg6 31. Kg2 Kf6 32. h4 g6 33. Kh3 Ke6 34. Kg4 Rh5 35. bxc5 Bxc5 36. Bxc5 Rxc5 37. f4 Rb5 38. Rd4 Ra5 39. Rb4 b5 40. Kg5 Kf7 41. f5 gxf5 42. Kxf5 Ra4 43. Ke5 Ra1 44. c4 bxc4 45. Rxc4 Ra2 46. b4 Kg7 47. Rd4 Rb2 48. Kd6 Rc2 49. Kd5 a5 50. b5 Rb2 51. Kc6 a4 52. Rxa4 Rc2+ 53. Kb7 Kf8 54. b6 Ke7 55. Rd4 Rc1 56. Kb8 Rc2 57. b7 Rc1 58. Ra4 1-0

[Event "TUR-chT"]
[Site "Denizli"]
[Date "2013.07.04"]
[Round "6.7"]
[White "Emiroglu, Cankut"]
[Black "Sumer, Gun"]
[Result "1-0"]
[WhiteElo "2291"]
[BlackElo "1935"]
[PlyCount "99"]
[EventDate "2013.06.29"]
[EventType "team-tourn"]
[EventRounds "13"]
[EventCountry "TUR"]
[SourceTitle "CBM 155 Extra"]
[Source "ChessBase"]
[SourceDate "2013.08.26"]
[SourceVersion "1"]
[SourceVersionDate "2013.08.26"]
[SourceQuality "1"]
[WhiteTeam "Ankara Demirspor"]
[BlackTeam "Ezgi Kulubu"]
[WhiteTeamCountry "TUR"]
[BlackTeamCountry "TUR"]

1. e4 c5 2. Ne2 Nc6 3. d4 cxd4 4. Nxd4 e5 5. Nb5 Nf6 6. N1c3 d6 7. Nd5 Nxd5 8. exd5 Ne7 9. c4 Ng6 10. Qa4 Bd7 11. Qb4 Bxb5 12. Qxb5+ Qd7 13. Qxd7+ Kxd7 14. Be3 f5 15. f3 Be7 16. Bd3 Nh4 17. 0-0 f4 18. Bf2 g6 19. b4 Rhc8 20. c5 Nf5 21. Bb5+ Kd8 22. c6 b6 23. Ba6 Rc7 24. Rae1 Bg5 25. Re4 Ne3 26. Bxe3 fxe3 27. g3 Rf7 28. f4 exf4 29. gxf4 Bf6 30. Bb7 Rb8 31. Re1 Kc7 32. R1xe3 Rbf8 33. Kg2 g5 34. f5 Bd8 35. Rh3 Rxf5 36. Rxh7+ R5f7 37. Rxf7+ Rxf7 38. Re8 Rh7 39. b5 Rf7 40. Rg8 Rh7 41. h3 Rf7 42. Kg3 Rh7 43. Ba6 Rf7 44. Kg4 Rh7 45. Kf5 Re7 46. Kg6 Re5 47. Rg7+ Re7 48. Rxe7+ Bxe7 49. Kf7 Bd8 50. Ke6 1-0

[Event "TUR-chT"]
[Site "Konya"]
[Date "2012.07.20"]
[Round "11"]
[White "Dastan, Batuhan Muhammed"]
[Black "Sumer, Gun"]
[Result "1-0"]
[WhiteElo "2310"]
[BlackElo "1886"]
[PlyCount "73"]
[EventDate "2012.07.11"]
[EventType "team-tourn"]
[EventRounds "13"]
[EventCountry "TUR"]
[SourceTitle "CBM 149 Extra"]
[Source "ChessBase"]
[SourceDate "2012.08.24"]
[SourceVersion "1"]
[SourceVersionDate "2012.08.24"]
[SourceQuality "1"]
[WhiteTeam "Ankara Gazi"]
[BlackTeam "Mersin Ezgi"]
[WhiteTeamCountry "TUR"]
[BlackTeamCountry "TUR"]

1. Nf3 Nf6 2. g3 d5 3. Bg2 e6 4. 0-0 Be7 5. d4 0-0 6. c4 dxc4 7. Ne5 Nc6 8. Bxc6 bxc6 9. Nxc6 Qd6 10. Nxe7+ Qxe7 11. Qa4 e5 12. dxe5 Qxe5 13. Nc3 Bh3 14. Rd1 Be6 15. Qb5 c5 16. Bf4 Qf5 17. f3 Rfd8 18. Rac1 g5 19. Rxd8+ Rxd8 20. Bc7 Rd2 21. g4 Nxg4 22. Qb8+ Kg7 23. fxg4 Qxg4+ 24. Bg3 h5 25. Kf1 h4 26. Bf2 Qf5 27. Ke1 Rd7 28. Rd1 Re7 29. Qd6 Rb7 30. Qxc5 Qxc5 31. Bxc5 Rxb2 32. Bxa7 Kg6 33. Rb1 Rc2 34. Bd4 g4 35. Kd1 Bf5 36. Rb6+ Kg5 37. Rb5 1-0

[Event "TUR-chT"]
[Site "Konya"]
[Date "2012.07.12"]
[Round "2"]
[White "Sumer, Gun"]
[Black "Firat, Burak"]
[Result "0-1"]
[WhiteElo "1886"]
[BlackElo "2408"]
[PlyCount "132"]
[EventDate "2012.07.11"]
[EventType "team-tourn"]
[EventRounds "13"]
[EventCountry "TUR"]
[SourceTitle "CBM 149 Extra"]
[Source "ChessBase"]
[SourceDate "2012.08.24"]
[SourceVersion "1"]
[SourceVersionDate "2012.08.24"]
[SourceQuality "1"]
[WhiteTeam "Mersin Ezgi"]
[BlackTeam "Manisa TS Alyans"]
[WhiteTeamCountry "TUR"]
[BlackTeamCountry "TUR"]

1. e4 c5 2. Nf3 e6 3. d4 cxd4 4. Nxd4 Nf6 5. Nc3 d6 6. Be2 Nc6 7. 0-0 Be7 8. Be3 0-0 9. Kh1 Bd7 10. f4 a6 11. a4 Qc7 12. Bf3 Na5 13. Qe1 Rfe8 14. Qg3 Nc4 15. Bc1 Bf8 16. b3 Ne3 17. Bxe3 Qxc3 18. Qf2 e5 19. fxe5 dxe5 20. Nf5 Rac8 21. Rac1 Bxf5 22. exf5 e4 23. Bd4 Qc6 24. Be2 Bc5 25. Bxc5 Qxc5 26. Qxc5 Rxc5 27. c4 e3 28. Rcd1 Ne4 29. Rd7 Nd2 30. Rf4 Nxb3 31. Rxb7 Nd2 32. g4 h5 33. gxh5 Ne4 34. f6 Nxf6 35. h6 Ra5 36. hxg7 Kxg7 37. Rb1 Ne4 38. Rb7 Nd6 39. Rd7 Nf5 40. Kg2 Ree5 41. Rd5 Raxd5 42. cxd5 Rxd5 43. Bxa6 Kg6 44. Kf3 Kg5 45. Re4 Rd2 46. Be2 Ra2 47. Rb4 Ra3 48. Bb5 Nh4+ 49. Ke2 f5 50. Bc6 f4 51. Rb5+ Kf6 52. Rb2 Nf5 53. Rb4 Ra2+ 54. Ke1 Ra1+ 55. Ke2 Rc1 56. Bb7 Kg5 57. Be4 Nd6 58. Bf3 Rc2+ 59. Ke1 Rxh2 60. a5 Ra2 61. Rb6 Ra1+ 62. Ke2 Nf5 63. Rb5 Kf6 64. Rd5 Ra2+ 65. Kd3 Rd2+ 66. Ke4 Ng3+ 0-1

[Event "TUR-chT"]
[Site "Konya"]
[Date "2012.07.11"]
[Round "1"]
[White "Okus, Melih"]
[Black "Sumer, Gun"]
[Result "0-1"]
[WhiteElo "1966"]
[BlackElo "1886"]
[PlyCount "94"]
[EventDate "2012.07.11"]
[EventType "team-tourn"]
[EventRounds "13"]
[EventCountry "TUR"]
[SourceTitle "CBM 149 Extra"]
[Source "ChessBase"]
[SourceDate "2012.08.24"]
[SourceVersion "1"]
[SourceVersionDate "2012.08.24"]
[SourceQuality "1"]
[WhiteTeam "Denizli Pamukkale Uni"]
[BlackTeam "Mersin Ezgi"]
[WhiteTeamCountry "TUR"]
[BlackTeamCountry "TUR"]

1. e4 c5 2. Nf3 d6 3. d4 cxd4 4. Nxd4 Nf6 5. Nc3 a6 6. Be3 e5 7. Nb3 Be7 8. h3 Be6 9. Qf3 Qc7 10. g4 b5 11. g5 Nfd7 12. 0-0-0 Nc6 13. Qg3 b4 14. Nd5 Bxd5 15. exd5 Na5 16. Nxa5 Qxa5 17. Kb1 Nc5 18. Bxc5 Qxc5 19. f4 f6 20. Bd3 a5 21. gxf6 Bxf6 22. Bxh7 0-0-0 23. Bf5+ Kc7 24. fxe5 Bxe5 25. Qg1 Qxg1 26. Rhxg1 Rdf8 27. Bg4 Rf2 28. Rd3 Kb6 29. a3 Kc5 30. Re1 Rb8 31. a4 Rbf8 32. Re4 R8f4 33. Rxf4 Rxf4 34. Be6 Rf1+ 35. Ka2 Rf2 36. Kb3 Rf1 37. Bd7 Rb1 38. c3 bxc3 39. Rxc3+ Bxc3 40. Kxc3 Kxd5 41. Bg4 Kc5 42. b3 Rg1 43. Be6 d5 44. Kc2 Rg2+ 45. Kc3 Rg3+ 46. Kc2 Re3 47. Bf5 Kb4 0-1

[Event "World ol U16 10th"]
[Site "Kocaeli"]
[Date "2011.10.25"]
[Round "2.10"]
[White "Sumer, Gun"]
[Black "Pon, Matt"]
[Result "1/2-1/2"]
[WhiteElo "1876"]
[BlackElo "1638"]
[PlyCount "106"]
[EventDate "2011.10.24"]
[EventType "team-swiss"]
[EventRounds "10"]
[EventCountry "TUR"]
[SourceTitle "EXT 2012"]
[Source "ChessBase"]
[SourceDate "2011.11.24"]
[SourceVersion "1"]
[SourceVersionDate "2011.11.24"]
[SourceQuality "1"]
[WhiteTeam "Turkey II"]
[BlackTeam "South Africa"]
[WhiteTeamCountry "TUR"]
[BlackTeamCountry "RSA"]

1. e4 c5 2. Nf3 Nc6 3. d4 cxd4 4. Nxd4 g6 5. c4 Nf6 6. Nc3 d6 7. Be2 Nxd4 8. Qxd4 Bg7 9. Be3 0-0 10. Qd2 Be6 11. Rc1 a5 12. 0-0 a4 13. f3 Qa5 14. Nd5 Nxd5 15. Qxa5 Nxe3 16. Qd2 Nxf1 17. Bxf1 Rfc8 18. Rc2 b6 19. h4 Rc5 20. Bd3 Bf6 21. g3 Rac8 22. b3 axb3 23. axb3 Ra8 24. f4 Rca5 25. Qf2 Rb8 26. Be2 Ra1+ 27. Kh2 Rb1 28. Qe3 Ra8 29. Qxb6 Raa1 30. Bf3 Ra3 31. Qb8+ Kg7 32. e5 Rbxb3 33. exf6+ exf6 34. Bb7 Rxg3 35. Bg2 Rgd3 36. Qb6 Rab3 37. Qf2 Rb4 38. Bf1 Ra3 39. Qd4 Raa4 40. Qxd6 Bxc4 41. Bxc4 Rxc4 42. Rxc4 Rxc4 43. Qd2 Ra4 44. Qe3 Ra5 45. Qc3 Rf5 46. Kg3 Rh5 47. Kg4 Rf5 48. Qc8 Rd5 49. Kg3 Rd3+ 50. Kf2 Rd5 51. Ke3 Rh5 52. Qg4 Ra5 53. Kd4 Rb5 1/2-1/2